000 04649cam a2200421 i 4500
001 17658414
003 ARRUPE
005 20141031020006.0
008 130314s2014 enk b 001 0 eng
010 _a 2013010543
020 _a9780415822107 (hbk.)
020 _a0415822106 (hbk.)
020 _z9780203465738 (ebk.)
020 _z0203465733 (ebk.)
040 _aDLC
_beng
_cDLC
_erda
042 _apcc
050 0 0 _aK5250
_b.T75 2014
082 0 0 _a340/.114
_223
084 _aLAW000000
_aLAW026000
_aLAW043000
_2bisacsh
100 _aBuckley-Zistel, Susanne
_99084
245 0 0 _aTransitional justice theories /
_cedited by Susanne Buckley-Zistel, Teresa Koloma Beck, Christian Braun and Friederike Mieth.
300 _ax, 226 pages ;
_c24 cm.
490 0 _aTransitional justice
500 _a"A GlassHouse book."
504 _aIncludes bibliographical references and index.
520 _a"Transitional justice is rapidly gaining significance as an umbrella term for mechanisms and policy instruments for dealing with a violent past in the aftermath of mass atrocities or dictatorial regimes. The practice of transitional justice brings into place institutions and mechanisms addressing systematic human rights abuses in order to promote the transition to a peaceful coexistence. These include retributive measures, such as tribunals and court trials, as well as restorative or transformative initiatives in view of enhancing community relations, such as truth commissions or memory work. Yet, despite the range of activities conducted globally and the vibrant academic debate on the topic, there are but few attempts to conceptualise transitional justice theoretically. Transitional Justice Theories fills this gap. The first part of the book theorises transitional justice through the notion of transition. Using the concepts of social learning, social trust, implicit memory, and collective trauma, the chapters attempt to identify distinct features of the transitional moment and theoretically capture relevant social processes on a micro- and macro-level. The second part focuses on the notion of justice, outlining different understandings, such as restorative, transformative, and reparative; and discussing the use of these concepts in different settings and by different agents. The third part considers the academic as well as political discourses on transitional justice from the perspective of critical social theories, including feminism and postcolonialism. Contributing to the academic debate as well as to the practice of transitional justice, Transitional Justice Theories is an important contribution to this fast growing field"--
520 _a"Transitional justice has gained global significance as an umbrella term for approaches to dealing with the past in the aftermath of violent conflict or dictatorial regimes; a range of mechanisms and institutions, including tribunals, truth commissions and memorial projects seek to redress past wrongs, vindicate the dignity of victims, and provide justice. Despite this global activity and the lively academic debate surrounding it, there have been few attempts to conceptualize transitional justice theoretically. Transitional Justice Theories therefore seeks to deliver a hitherto absent theoretical framework by exploring both normative and critical perspectives from disciplines such as political science, sociology, philosophy, or psychology. Working through such concepts as the social processes of the transitional moment and the differing perspectives on justice (as potentially restorative, transformative, and reparative), this volume highlights the field's interdisciplinary scope while revealing the commonalities, as well as tensions, between the various perspectives. Contributing to the academic debate as well as to the practice of transitional justice, this book is an important contribution to a dynamic field. As such, it will be of immense interest to scholars, students, and practitioners of transitional justice, and more widely of Law, Politics, and Sociology"--
650 0 _aTransitional justice.
_99085
650 0 _aCrimes against humanity.
_99086
650 0 _aPolitical crimes and offenses.
_99087
650 7 _aLAW / General.
_2bisacsh
_99088
650 7 _aLAW / Criminal Law / General.
_2bisacsh
_99089
650 7 _aLAW / Gender & the Law.
_2bisacsh
_99090
700 1 _aBuckley-Zistel, Susanne,
_d1969-
_eeditor of compilation.
_99091
906 _a7
_bcbc
_corignew
_d1
_eecip
_f20
_gy-gencatlg
942 _2lcc
_cMONOGRAPH
_01
999 _c120202
_d120202